|
|
|
|
| LEADER |
00000nam0a2200000 4500 |
| 001 |
165575 |
| 005 |
20231101222548.0 |
| 010 |
|
|
|a 5280017973
|
| 010 |
|
|
|a 5-280-01796-5
|
| 020 |
|
|
|a RU
|b 91-9489
|
| 035 |
|
|
|a (RuTPU)RU\TPU\book\179615
|
| 035 |
|
|
|a RU\TPU\book\179614
|
| 090 |
|
|
|a 165575
|
| 100 |
|
|
|a 20090921g1990 m y0rusy5003 ca
|
| 101 |
0 |
|
|a rus
|
| 102 |
|
|
|a RU
|
| 105 |
|
|
|a c z 000gy
|
| 200 |
1 |
|
|a Избранные произведения
|e в 2 т.
|h Т. 2. Статьи-размышления
|f Е. А. Исаев
|
| 210 |
|
|
|a Москва
|c Художественная литература
|d 1990
|
| 215 |
|
|
|d 21 см
|a 333 с.
|
| 610 |
1 |
|
|a статьи
|
| 610 |
1 |
|
|a размышления
|
| 675 |
|
|
|a Р2
|z rus
|
| 700 |
|
1 |
|a Исаев
|b Е. А.
|c русский поэт
|f 1926-
|g Егор Александрович
|2 stltpush
|3 (RuTPU)RU\TPU\pers\8209
|9 1606
|
| 801 |
|
0 |
|a RU
|b RuMRKP
|c 19950417
|g psbo
|
| 801 |
|
1 |
|a RU
|b 63413507
|c 20090921
|
| 801 |
|
2 |
|a RU
|b 63413507
|c 20090921
|g RCR
|
| 942 |
|
|
|c BK
|